[Event "ROM-chT"]
[Site "Baile Tusnad"]
[Date "2005.05.24"]
[Round "4"]
[White "Munteanu, Denisa"]
[Black "Istrati, Iulia"]
[Result "1/2-1/2"]
[WhiteElo "2109"]
[BlackElo "2015"]
[PlyCount "74"]
[EventDate "2005.05.21"]
[EventType "team-tourn"]
[EventRounds "9"]
[EventCountry "ROU"]
[SourceTitle "CBM 106 Extra"]
[Source "ChessBase"]
[SourceDate "2005.07.01"]
[SourceVersion "1"]
[SourceVersionDate "2005.07.01"]
[SourceQuality "1"]

1. e4 c5 2. Nf3 d6 3. d4 cxd4 4. Nxd4 Nf6 5. Nc3 a6 6. Bc4 e6 7. Bb3 Nbd7 8. 0-0 Nc5 9. f4 Be7 10. Qf3 0-0 11. a4 Nxb3 12. Nxb3 Qc7 13. a5 b5 14. axb6 Qxb6+ 15. Be3 Qc7 16. Rfd1 Rb8 17. f5 Nd7 18. Qg3 Kh8 19. Bg5 Ne5 20. Bxe7 Qxe7 21. fxe6 fxe6 22. Rf1 Bb7 23. Nd4 Kg8 24. h3 Rxf1+ 25. Rxf1 Rf8 26. Rxf8+ Kxf8 27. Qf4+ Kg8 28. Nce2 Qf7 29. Qe3 Qg6 30. Nf4 Qxe4 31. Qxe4 Bxe4 32. Nfxe6 Nc4 33. Ng5 Bb7 34. b3 Ne3 35. g3 h6 36. Nge6 Bc8 37. Nc7 Nf5 1/2-1/2

[Event "ROM-chT"]
[Site "Baile Tusnad"]
[Date "2005.05.22"]
[Round "2"]
[White "Munteanu, Denisa"]
[Black "Foisor, Sabina Francesca"]
[Result "1/2-1/2"]
[WhiteElo "2109"]
[BlackElo "2210"]
[PlyCount "95"]
[EventDate "2005.05.21"]
[EventType "team-tourn"]
[EventRounds "9"]
[EventCountry "ROU"]
[SourceTitle "CBM 106 Extra"]
[Source "ChessBase"]
[SourceDate "2005.07.01"]
[SourceVersion "1"]
[SourceVersionDate "2005.07.01"]
[SourceQuality "1"]

1. e4 c6 2. c4 g6 3. Nc3 Bg7 4. d4 d6 5. g3 a6 6. Bg2 b5 7. Nge2 Bb7 8. Qb3 Nd7 9. 0-0 e5 10. Be3 Ne7 11. cxb5 cxb5 12. a4 exd4 13. Bxd4 Bxd4 14. Nxd4 Nc5 15. Qa3 bxa4 16. Nxa4 Nxa4 17. Qxa4+ Qd7 18. Rfc1 Qxa4 19. Rxa4 Rc8 20. Rxc8+ Bxc8 21. Bf1 Bb7 22. f3 Kd7 23. Bxa6 Bc6 24. Rc4 Rb8 25. Rc2 Rb4 26. Bc4 Bb7 27. b3 d5 28. exd5 Nxd5 29. Rd2 Rb6 30. Nb5 Ke7 31. Bxd5 Rxb5 32. Bxb7 Rxb7 33. Rd3 h5 34. Kf2 Ke6 35. Ke3 Ke5 36. h3 Ra7 37. f4+ Ke6 38. Kd2 Kf5 39. Kc3 Rc7+ 40. Kd2 Rb7 41. Ke3 Rb4 42. Kf3 Rb7 43. Re3 Rb4 44. g4+ hxg4+ 45. hxg4+ Kf6 46. g5+ Kg7 47. Kg3 Kf8 48. Kf3 1/2-1/2

[Event "ROM-chT"]
[Site "Tusnad"]
[Date "2004.05.09"]
[Round "9.10"]
[White "Munteanu, Denisa"]
[Black "Paulet, Iozefina"]
[Result "1/2-1/2"]
[WhiteElo "2110"]
[BlackElo "2039"]
[PlyCount "102"]
[EventDate "2004.05.05"]
[EventType "team-tourn"]
[EventRounds "9"]
[EventCountry "ROU"]
[SourceTitle "EXT 2008"]
[Source "ChessBase"]
[SourceDate "2007.11.25"]
[SourceVersion "1"]
[SourceVersionDate "2007.11.25"]
[SourceQuality "1"]

1. d4 d6 2. e4 g6 3. h4 h5 4. Bg5 Bg7 5. Nc3 c6 6. Qd2 Nd7 7. f3 b5 8. Nh3 Nb6 9. Nf2 Nf6 10. Ncd1 Qc7 11. Ne3 Nh7 12. Bf4 e5 13. dxe5 dxe5 14. Bh2 Be6 15. Bd3 Rd8 16. Qe2 Qe7 17. c3 Qc5 18. g4 Nf6 19. g5 Nfd7 20. Bg1 a5 21. Kf1 Qe7 22. b3 0-0 23. Ng2 f6 24. Nh3 Bxh3 25. Rxh3 fxg5 26. hxg5 Qxg5 27. Be3 Qe7 28. Nh4 g5 29. Nf5 Qe6 30. Bxg5 Nf6 31. Kf2 Rd7 32. Rg1 Rfd8 33. Bc2 Kf8 34. Rhh1 a4 35. Rd1 Rxd1 36. Rxd1 Rxd1 37. Qxd1 Nbd7 38. Qd2 a3 39. Bxf6 Nxf6 40. Qd8+ Ne8 41. Qg5 h4 42. Qxh4 Qf6 43. Qxf6+ Bxf6 44. b4 Ng7 45. Nxg7 Bxg7 46. Ke2 Ke7 47. Kd3 Kd6 48. c4 Bh6 49. Kc3 Kc7 50. Bd3 Kb6 51. cxb5 cxb5 1/2-1/2

[Event "ROM-chT"]
[Site "Tusnad"]
[Date "2004.05.03"]
[Round "3.10"]
[White "Ciobanu, Camelia Adriana"]
[Black "Munteanu, Denisa"]
[Result "1-0"]
[WhiteElo "2192"]
[BlackElo "2110"]
[PlyCount "59"]
[EventDate "2004.05.05"]
[EventType "team-tourn"]
[EventRounds "9"]
[EventCountry "ROU"]
[SourceTitle "EXT 2008"]
[Source "ChessBase"]
[SourceDate "2007.11.25"]
[SourceVersion "1"]
[SourceVersionDate "2007.11.25"]
[SourceQuality "1"]

1. e4 e5 2. Nf3 Nc6 3. c3 f5 4. d4 fxe4 5. Nxe5 Qf6 6. f4 Nge7 7. Qc2 d5 8. Na3 Nf5 9. Qf2 Bxa3 10. bxa3 0-0 11. Rb1 Nxe5 12. dxe5 Qe7 13. Be2 c5 14. Be3 b6 15. 0-0 Nh6 16. Rfd1 Be6 17. a4 Nf7 18. Qg3 Qc7 19. f5 Bxf5 20. e6 Qxg3 21. exf7+ Rxf7 22. hxg3 Be6 23. a5 Rf6 24. Rd2 Bf7 25. a4 h6 26. a6 Rd8 27. a5 Rfd6 28. Bf4 Rc6 29. axb6 axb6 30. a7 1-0

[Event "ROM-chT"]
[Site "Tusnad"]
[Date "2004.05.02"]
[Round "2.10"]
[White "Munteanu, Denisa"]
[Black "Rendi, Eva"]
[Result "1/2-1/2"]
[WhiteElo "2110"]
[BlackElo "2133"]
[PlyCount "59"]
[EventDate "2004.05.05"]
[EventType "team-tourn"]
[EventRounds "9"]
[EventCountry "ROU"]
[SourceTitle "EXT 2008"]
[Source "ChessBase"]
[SourceDate "2007.11.25"]
[SourceVersion "1"]
[SourceVersionDate "2007.11.25"]
[SourceQuality "1"]

1. e4 e5 2. Nf3 Nc6 3. Nc3 g6 4. d4 exd4 5. Nxd4 Bg7 6. Nxc6 bxc6 7. Be2 Qe7 8. 0-0 Nf6 9. Re1 0-0 10. Bf3 Rb8 11. Na4 Qb4 12. c3 Qa5 13. b4 Qe5 14. Bb2 d6 15. c4 Qe6 16. e5 dxe5 17. Bxe5 Qxc4 18. a3 Bf5 19. Rc1 Qa2 20. Rxc6 Rbd8 21. Qa1 Qxa1 22. Bxa1 Rd6 23. Nc5 Rxc6 24. Bxc6 Rd8 25. Bc3 h5 26. h3 Rd6 27. Bb5 Nd5 28. Bxg7 Kxg7 29. Bc4 Nb6 30. Bb3 1/2-1/2

[Event "ROM-ch (Women)"]
[Site "Satu Mare"]
[Date "2003.09.04"]
[Round "1.2"]
[White "Olarasu, Gabriela"]
[Black "Munteanu, Denisa"]
[Result "1-0"]
[WhiteElo "2305"]
[BlackElo "2110"]
[PlyCount "69"]
[EventDate "2003.09.01"]
[EventType "k.o."]
[EventRounds "4"]
[EventCountry "ROU"]
[SourceTitle "CBM 096 Extra"]
[Source "ChessBase"]
[SourceDate "2003.10.22"]
[SourceVersion "2"]
[SourceVersionDate "2003.10.20"]
[SourceQuality "1"]

1. d4 Nf6 2. Nf3 g6 3. g3 Bg7 4. Bg2 0-0 5. 0-0 d5 6. c4 dxc4 7. Na3 c6 8. Nxc4 Be6 9. Qc2 Bd5 10. Ncd2 h6 11. b3 Na6 12. Bb2 Rc8 13. Bh3 g5 14. Ne5 Rc7 15. e4 Be6 16. Bxe6 fxe6 17. Qc4 Qd6 18. Ng6 Rd8 19. e5 Qd5 20. exf6 Qxc4 21. Nxc4 exf6 22. h4 Kf7 23. h5 Rcd7 24. f4 Kg8 25. fxg5 hxg5 26. Rae1 Nc7 27. Ne3 Kh7 28. Ng4 f5 29. N4e5 Rd5 30. Nf7 R8d7 31. Nxg5+ Kg8 32. Nxe6 Nxe6 33. Rxe6 Kf7 34. Re2 Bf6 35. Ne5+ 1-0

[Event "ROM-ch U18 Girls"]
[Site "Sovata"]
[Date "2002.04.29"]
[Round "8"]
[White "Munteanu, Denisa"]
[Black "Rendi, Eva"]
[Result "1/2-1/2"]
[WhiteElo "2078"]
[BlackElo "2129"]
[PlyCount "29"]
[EventDate "2002.04.22"]
[EventType "tourn"]
[EventRounds "11"]
[EventCountry "ROU"]
[SourceTitle "EXT 2008"]
[Source "ChessBase"]
[SourceDate "2007.11.25"]
[SourceVersion "1"]
[SourceVersionDate "2007.11.25"]
[SourceQuality "1"]

1. e4 c5 2. Nf3 d6 3. d4 cxd4 4. Nxd4 Nf6 5. Nc3 a6 6. Bc4 b5 7. Bb3 Bb7 8. f3 Nbd7 9. Be3 Nc5 10. Qd2 e6 11. 0-0 Be7 12. a4 Nxb3 13. Nxb3 b4 14. Ne2 d5 15. e5 1/2-1/2

[Event "ROM-ch U18 Girls"]
[Site "Sovata"]
[Date "2002.04.24"]
[Round "3"]
[White "Ciobanu, Camelia Adriana"]
[Black "Munteanu, Denisa"]
[Result "1-0"]
[WhiteElo "2234"]
[BlackElo "2078"]
[PlyCount "97"]
[EventDate "2002.04.22"]
[EventType "tourn"]
[EventRounds "11"]
[EventCountry "ROU"]
[SourceTitle "EXT 2008"]
[Source "ChessBase"]
[SourceDate "2007.11.25"]
[SourceVersion "1"]
[SourceVersionDate "2007.11.25"]
[SourceQuality "1"]

1. e4 e5 2. Nf3 Nc6 3. Bc4 Nf6 4. d3 h6 5. 0-0 d6 6. c3 g6 7. Re1 Bg7 8. Bb3 0-0 9. Nbd2 Na5 10. Bc2 c5 11. a3 Nc6 12. b4 b5 13. Bb2 Bb7 14. d4 c4 15. Nf1 Re8 16. Ng3 Nh7 17. Bc1 a6 18. Be3 h5 19. Qd2 Bf6 20. a4 h4 21. Ne2 Rb8 22. h3 Bc8 23. d5 Ne7 24. Kh2 Kh8 25. g3 hxg3+ 26. fxg3 Bd7 27. g4 Bg7 28. g5 Rf8 29. Ng3 f5 30. gxf6 Rxf6 31. Ng5 Qf8 32. h4 Bg4 33. axb5 axb5 34. Ra7 Nc8 35. Ra6 Nxg5 36. hxg5 Rf7 37. Bd1 Bxd1 38. Qxd1 Rf3 39. Kg2 Rf7 40. Qg4 Qe8 41. Rh1+ Kg8 42. Qh3 Kf8 43. Qh7 Ke7 44. Nf5+ gxf5 45. g6 f4 46. gxf7 Qxf7 47. Bf2 f3+ 48. Kf1 Kd7 49. Rg1 1-0

[Event "ROM-chT"]
[Site "Romania"]
[Date "2002.??.??"]
[Round "5"]
[White "L'Ami, Alina"]
[Black "Munteanu, Denisa"]
[Result "1-0"]
[WhiteElo "2222"]
[BlackElo "2083"]
[PlyCount "59"]
[EventDate "2002.??.??"]
[EventType "team-tourn"]
[EventRounds "5"]
[EventCountry "ROU"]
[SourceTitle "EXT 2008"]
[Source "ChessBase"]
[SourceDate "2007.11.25"]
[SourceVersion "1"]
[SourceVersionDate "2007.11.25"]
[SourceQuality "1"]

1. d4 Nf6 2. c4 g6 3. Nc3 Bg7 4. e4 d6 5. h3 0-0 6. Bg5 Qe8 7. Bd3 e5 8. d5 Nfd7 9. g4 f5 10. f3 Bf6 11. Bh6 Bh4+ 12. Kf1 Rf7 13. exf5 gxf5 14. Bxf5 Nf6 15. Bxc8 Qxc8 16. Kg2 e4 17. f4 Na6 18. f5 Nc5 19. Nge2 Qe8 20. Qd4 Nd3 21. Ng3 c5 22. Qe3 Nxb2 23. g5 Nxc4 24. Qe2 Qe5 25. Ncxe4 Nxe4 26. Nxe4 Qxd5 27. Rad1 Qxf5 28. Rhf1 Ne3+ 29. Qxe3 Qd7 30. Rxd6 1-0

[Event "ROM-chT"]
[Site "Romania"]
[Date "2002.??.??"]
[Round "2"]
[White "Munteanu, Denisa"]
[Black "Padurariu, Ioana Smaranda"]
[Result "1-0"]
[WhiteElo "2083"]
[BlackElo "2099"]
[PlyCount "95"]
[EventDate "2002.??.??"]
[EventType "team-tourn"]
[EventRounds "5"]
[EventCountry "ROU"]
[SourceTitle "EXT 2008"]
[Source "ChessBase"]
[SourceDate "2007.11.25"]
[SourceVersion "1"]
[SourceVersionDate "2007.11.25"]
[SourceQuality "1"]

1. e4 e6 2. d4 d5 3. e5 c5 4. c3 Nc6 5. Nf3 Bd7 6. Be2 Nge7 7. 0-0 Nf5 8. Bd3 cxd4 9. Bxf5 exf5 10. cxd4 Be6 11. Nc3 Be7 12. Qa4 0-0 13. Be3 a6 14. Rfc1 b5 15. Qd1 Qb6 16. Ne1 f6 17. Nc2 Rad8 18. exf6 Bxf6 19. Ne2 Rfe8 20. b4 a5 21. a3 axb4 22. axb4 Be7 23. Qd2 Ra8 24. Nf4 Bf7 25. Nd3 Bd6 26. Nc5 Qc7 27. g3 Bg6 28. f4 Bxc5 29. dxc5 Rad8 30. Ra3 d4 31. Bxd4 Re4 32. Rd3 Bh5 33. Be5 Rxd3 34. Qxd3 Nxe5 35. fxe5 Rxe5 36. Qxb5 Re2 37. Qc4+ Kh8 38. Qd5 h6 39. Nd4 Rd2 40. Qxf5 Qd8 41. Ne6 Qd7 42. c6 Qa7+ 43. Qc5 Qxc5+ 44. Rxc5 Bf3 45. c7 Bb7 46. c8Q+ Bxc8 47. Rxc8+ Kh7 48. b5 1-0

[Event "ROM-ch sf (Women)"]
[Site "Sovata"]
[Date "2001.03.12"]
[Round "3"]
[White "Munteanu, Denisa"]
[Black "Padurariu, Ioana Smaranda"]
[Result "0-1"]
[WhiteElo "2005"]
[BlackElo "2113"]
[PlyCount "74"]
[EventDate "2001.03.10"]
[EventType "swiss"]
[EventRounds "9"]
[EventCountry "ROU"]
[SourceTitle "EXT 2008"]
[Source "ChessBase"]
[SourceDate "2007.11.25"]
[SourceVersion "1"]
[SourceVersionDate "2007.11.25"]
[SourceQuality "1"]

1. e4 e6 2. d3 d5 3. Nd2 Nf6 4. Ngf3 c5 5. g3 Nc6 6. Bg2 Be7 7. 0-0 0-0 8. Re1 b5 9. e5 Ne8 10. Nf1 a5 11. h4 a4 12. a3 f5 13. exf6 gxf6 14. N1h2 e5 15. h5 Be6 16. Nd2 Qd7 17. c3 Bf5 18. Qe2 Nc7 19. g4 Be6 20. Ndf1 b4 21. axb4 cxb4 22. f4 a3 23. bxa3 bxc3 24. fxe5 fxe5 25. g5 Bc5+ 26. Be3 Bxa3 27. Ng3 Bd6 28. g6 e4 29. gxh7+ Kxh7 30. Bf2 Bxg3 31. Bxg3 Nd4 32. Bxe4+ dxe4 33. Qxe4+ Bf5 34. Qe7+ Rf7 35. Qc5 Rd8 36. Rac1 Nce6 37. Qxc3 Ne2+ 0-1

[Event "ROM-ch U20 Girls"]
[Site "Tusnad"]
[Date "2001.??.??"]
[Round "?"]
[White "Munteanu, Denisa"]
[Black "Manicuta, Monica"]
[Result "1-0"]
[WhiteElo "2005"]
[BlackElo "2135"]
[PlyCount "53"]
[EventDate "2001.??.??"]
[EventType "swiss"]
[EventRounds "9"]
[EventCountry "ROU"]
[SourceTitle "EXT 2008"]
[Source "ChessBase"]
[SourceDate "2007.11.25"]
[SourceVersion "1"]
[SourceVersionDate "2007.11.25"]
[SourceQuality "1"]

1. e4 c5 2. Nf3 d6 3. d4 cxd4 4. Nxd4 Nf6 5. Nc3 a6 6. Bc4 e6 7. Bb3 Nc6 8. Be3 Be7 9. Qe2 Bd7 10. Rg1 b5 11. f3 0-0 12. g4 Ne8 13. 0-0-0 Na5 14. Kb1 Nxb3 15. axb3 Nc7 16. Qd2 a5 17. Nf5 b4 18. Nxe7+ Qxe7 19. Qxd6 Qxd6 20. Rxd6 bxc3 21. Rxd7 Nb5 22. bxc3 Nxc3+ 23. Kb2 Rfc8 24. Bd2 Nb5 25. c4 Na7 26. Bxa5 Nc6 27. Bc3 1-0

[Event "ROM-ch U20 Girls"]
[Site "Tusnad"]
[Date "2001.??.??"]
[Round "?"]
[White "Padurariu, Ioana Smaranda"]
[Black "Munteanu, Denisa"]
[Result "1/2-1/2"]
[WhiteElo "2113"]
[BlackElo "2005"]
[PlyCount "82"]
[EventDate "2001.??.??"]
[EventType "swiss"]
[EventRounds "9"]
[EventCountry "ROU"]
[SourceTitle "EXT 2008"]
[Source "ChessBase"]
[SourceDate "2007.11.25"]
[SourceVersion "1"]
[SourceVersionDate "2007.11.25"]
[SourceQuality "1"]

1. e4 e5 2. Nf3 Nc6 3. Bc4 Nf6 4. d3 h6 5. 0-0 d6 6. c3 g6 7. d4 Qe7 8. Re1 Bg4 9. dxe5 Nxe5 10. Be2 Nxf3+ 11. Bxf3 Bxf3 12. Qxf3 Bg7 13. Bf4 0-0 14. Nd2 Nd7 15. Nc4 Rae8 16. Qe3 g5 17. Bg3 b6 18. f3 Qe6 19. Qe2 f5 20. Nd2 fxe4 21. Qxe4 Qxe4 22. Rxe4 Nc5 23. Rxe8 Rxe8 24. Kf1 Nd3 25. Rb1 Kf7 26. Ne4 d5 27. Nf2 Nxf2 28. Bxf2 c5 29. Rd1 Ke6 30. Ke2 Kf5+ 31. Kd3 Be5 32. h3 Bd6 33. b3 h5 34. g4+ hxg4 35. fxg4+ Kg6 36. h4 gxh4 37. Bxh4 Rh8 38. Bf2 Rh2 39. Ke3 Rh3+ 40. Ke2 Rxc3 41. Rxd5 Bf4 1/2-1/2

[Event "ROM-ch U20 Girls"]
[Site "Baile Tusnad"]
[Date "2000.05.09"]
[Round "7"]
[White "Munteanu, Denisa"]
[Black "Moldovan, Corina"]
[Result "1/2-1/2"]
[WhiteElo "1763"]
[BlackElo "2226"]
[PlyCount "53"]
[EventDate "2000.05.??"]
[EventType "swiss"]
[EventRounds "9"]
[EventCountry "ROU"]
[SourceTitle "EXT 2004"]
[Source "ChessBase"]
[SourceDate "2003.11.25"]
[SourceVersion "1"]
[SourceVersionDate "2003.11.25"]
[SourceQuality "1"]

1. e4 c5 2. Nf3 d6 3. d4 cxd4 4. Nxd4 Nf6 5. Nc3 Nc6 6. Be2 e5 7. Nb3 Be6 8. 0-0 Be7 9. Be3 0-0 10. f4 exf4 11. Rxf4 Ne5 12. Nd4 d5 13. Nxe6 fxe6 14. exd5 exd5 15. Rf5 Nc4 16. Nxd5 Nxe3 17. Nxe3 Qb6 18. Qd3 Rad8 19. Qb3+ Qxb3 20. axb3 g6 21. Rf3 Bc5 22. Kh1 Ne4 23. Rxf8+ Rxf8 24. Ng4 Rf4 25. Rf1 Rxf1+ 26. Bxf1 Nf2+ 27. Nxf2 1/2-1/2

[Event "ROM-ch U20 Girls"]
[Site "Baile Tusnad"]
[Date "2000.05.08"]
[Round "6"]
[White "Rendi, Eva"]
[Black "Munteanu, Denisa"]
[Result "1-0"]
[WhiteElo "2081"]
[BlackElo "1763"]
[PlyCount "101"]
[EventDate "2000.05.??"]
[EventType "swiss"]
[EventRounds "9"]
[EventCountry "ROU"]
[SourceTitle "EXT 2004"]
[Source "ChessBase"]
[SourceDate "2003.11.25"]
[SourceVersion "1"]
[SourceVersionDate "2003.11.25"]
[SourceQuality "1"]

1. b3 c5 2. c4 g6 3. Bb2 Nf6 4. Nc3 Bg7 5. g3 0-0 6. Bg2 Nc6 7. e3 e5 8. Nge2 d6 9. 0-0 Rb8 10. d4 Bd7 11. Nb5 exd4 12. exd4 Nxd4 13. Nbxd4 cxd4 14. Qxd4 Ne8 15. Qd2 Bxb2 16. Qxb2 Bc6 17. Rad1 Bxg2 18. Kxg2 Qb6 19. Nf4 Nc7 20. Nd5 Nxd5 21. Rxd5 Rfe8 22. Rfd1 Rbd8 23. Qd2 Qc6 24. Kg1 Qa6 25. Qa5 Qxa5 26. Rxa5 a6 27. Rad5 Re2 28. a4 Re6 29. c5 Kf8 30. cxd6 Ke8 31. d7+ Ke7 32. Kg2 Rc6 33. Re1+ Re6 34. Red1 Rc6 35. Kf3 Rc7 36. Ke4 f6 37. g4 Rcxd7 38. Rxd7+ Rxd7 39. Rxd7+ Kxd7 40. Kd5 b6 41. b4 g5 42. h3 h6 43. f3 Kc7 44. Ke6 Kc6 45. Kxf6 Kd5 46. Kg6 Kc4 47. b5 axb5 48. axb5 Kxb5 49. Kxh6 Kc6 50. Kxg5 b5 51. Kf4 1-0